| 000 | 01228 a2200205 4500 | ||
|---|---|---|---|
| 020 | _a0071413375 | ||
| 020 | _a9780071413374 | ||
| 082 | 0 | 4 | _a658.152 |
| 090 |
_c2710 _d2710 |
||
| 100 | 1 | _aSingleton, J. Clay. | |
| 245 | 1 | 0 |
_aCore-satellite portfolio management : _ba modern approach for professionally managed funds / _cJ. Clay Singleton. |
| 250 | _a1st ed. | ||
| 260 |
_a[S.l.] : _bMcGraw-Hill, _c2004. |
||
| 300 |
_a400 p. ; _c24 cm. |
||
| 500 | _aHardcover. | ||
| 520 | _aActive versus passive portfolio management is the most important policy decision institutional investors must make. In Core- Satellite Portfolio Management , J. Clay Singleton address this dilemma with the all-new core-satellite approach, which draws on the strengths of each style while eliminating the weaknesses. Prominent practitioners, consultants, and academics then join with the author to reveal how the revolutionary core-satellite method will improve investment performance for virtually every major asset class. | ||
| 856 | 4 | 0 |
_3Amazon.com _uhttp://www.amazon.com/exec/obidos/ASIN/0071413375/chopaconline-20 |
| 856 | 4 | 0 |
_3Amazon customer reviews _uhttp://www.chopac.org/cgi-bin/tools/azrev.pl?q=0071413375 |
| 942 |
_aNBS _cBK _k658.152 SIN |
||
| 999 |
_c345201 _d345201 |
||